| 000 | 00802nam a22002417a 4500 | ||
|---|---|---|---|
| 003 | dpl | ||
| 005 | 20180531151126.0 | ||
| 008 | 180531b xxu||||| |||| 00| 0 eng d | ||
| 010 | _aB-058647 | ||
| 020 |
_c00.00 _a8171416136 |
||
| 035 | _aB-058647, B-058651 | ||
| 037 | _bCen Lib/Ret | ||
| 040 |
_aDPL _bEN _c0 |
||
| 082 |
_a370.1 _bGLO |
||
| 245 |
_aGlobal synthesis of educational assessment / _cedited by Digumarti Bhaskara Rao |
||
| 260 |
_aNew Delhi _bDiscovery Publishing House _c2001 |
||
| 270 |
_a4831/24, Ansari Road, Prahlad Street Darya Ganj _bNew Delhi _e110002 |
||
| 300 |
_a144p. _c22cm(Hb) |
||
| 500 | _aIncludes references | ||
| 650 |
_aEducational evaluation _919064 |
||
| 650 |
_aEducational counseling--Evaluation _922703 |
||
| 942 |
_2ddc _cEN _h370.1 _mGLO |
||
| 999 |
_c128207 _d128207 |
||